Taylor Swift - Devine les chansons par leurs bridge #8 - Statistiques

Statistiques générales
  • Ce quiz a été pris 120 fois
    100 depuis la dernière actualisation
  • Le résultat moyen est 7 sur 15
Statistiques - réponses
Hint Réponse % Correct
I miss your tanned skin, your sweet smileSo good to me, so right And how you held me in your arms that September night The first time you ever saw me cry Maybe this is wishful thinkin' Probably mindless dreaming But if we loved again, I swear I'd love you right I'd go back in time and change it, but I can't So, if the chain is on your door, I understand Back to December
85%
And we see you over there on the internetComparing all the girls who are killing it But we figured you out We all know now we all got crowns *** You Need to Calm Down
77%
And did you think I didn't see you?There were flashin' lights At least I had the decency To keep my nights out of sight Only rumors 'bout my hips and thighs And my whispered sighs Oh, Lord, I think about jumpin' Off of very tall somethings Just to see you come runnin' And say the one thing I've been wanting, but no Is It Over Now?
76%
I want to wear his initial on a chain 'round my neckChain 'round my neck Not because he owns me But 'cause he really knows me Which is more than they can say, I I recall late November Holding my breath, slowly, I said "You don't need to save me But would you run away with me?" Yes (Would you run away?) Call It What You Want
75%
Sleep in half the day just for old times' sakeI won't ask you to wait if you don't ask me to stay So I'll go back to L.A. and the so-called friends Who'll write books about me if I ever make it And wonder about the only soul Who can tell which smiles I'm fakin' And the heart I know I'm breakin' is my own To leave the warmest bed I've ever known We could call it even Even though I'm leaving And I'll be yours for the weekend *** 'tis the damn season
67%
I, I, I persist and resist the temptation to ask youIf one thing had been different Would everything be different today? the 1
57%
Your kiss, my cheek, I watched you leaveYour smile, my ghost, I fell to my knees When you're young, you just run But you come back to what you need This Love
56%
To the house where you still wait up and that porch light gleams (Gleams)To the one who says I'm the girl of his American dreams And no matter what I've done, it wouldn't matter anyway Ain't no way I'm gonna screw up now that I know what's at stake here At the park where we used to sit on children's swings Wearing imaginary rings Fresh Out the Slammer
47%
What could've been, would've been youWhat could've been, would've been What should've been you What could've been, would've been you (What could've been, would've been you) Bigger Than The Whole Sky
46%
I (I) can't (Can't) speak, afraid to jinx itI (I) don't (Don't) even dare to wish it But your eyes are flying saucers from another planet Now I'm all for you like Janet Can this be a real thing? Can it? Snow on the Beach
43%
And the years passed like scenes of a showThe professor said to write what you know Lookin' backwards might be the only way to move forward Then the actors were hitting their marks And the slow dance was alight with the sparks And the tears fell in synchronicity with the score And at last, she knew what the agony had been for The Manuscript
34%
Call a cab, lose my numberYou're about to lose your girl Call a cab, lose my number Let's consider this lesson learned Girl At Home
29%
And there you are on your kneesBeggin' for forgiveness, beggin' for me Just like I always wanted But I'm so sorry White Horse
23%
Come back and tell me whyI'm feeling like I've missed you all this time And meet me there tonight And let me know that it's not all in my mind Everything has Changed
18%
It's not unbroken anymore (It's not unbroken anymore)How do I get it back the way it was before? A Perfectly Good Heart
14%
Aucun quiz correspondant
Distribution des résultats
% des personnes avec chaque résultat
Percentile par nombre de réponses
Votre historique - résultats
Vous n’avez pas pris ce quiz depuis la dernière actualisation